=LDR 00000nam 2200000 4500 =001 INLIS000000000042685 =005 20131008015505 =008 ***********************************Ind** =035 ##$$0010-101300000000607 =041 ##$$a Ind =082 ##$$a 362.172 =090 ##$$a 362.172, Ari b =100 ##$$a Arif Budiyanto =245 ##$$a Badan penyantun puskesmas ( BPP ) : wadah masyarakat peduli kesehatan mitra puskesmas, Arif Budiyanto, SKM, editor, Sri Lestari =260 ##$$a 2011 $b Jakarta =300 ##$$a iii, 52 hlm., ilus, 25 cm =650 ##$$a Kesehatan - Pelayanan =850 ##$$a NBPNMAT